[Event "BIH-chT 21st"]
[Site "Sarajevo"]
[Date "2023.10.31"]
[Round "1.6"]
[White "Lazic, Emanuel"]
[Black "Bandic, Adnan"]
[Result "1-0"]
[WhiteElo "2277"]
[BlackElo "2244"]
[PlyCount "88"]
[EventDate "2023.10.31"]
[EventType "team-tourn"]
[EventRounds "9"]
[EventCountry "BIH"]
[SourceTitle "Mega2024 Update 01"]
[Source "Chessbase"]
[SourceDate "2023.11.12"]
[SourceVersion "1"]
[SourceVersionDate "2023.11.12"]
[SourceQuality "1"]
[WhiteTeam "Busovaca Hrasno"]
[BlackTeam "Pazaric Bjelasnica"]
[WhiteTeamCountry "BIH"]
[BlackTeamCountry "BIH"]

1. e4 e5 2. Nf3 Nf6 3. Nxe5 d6 4. Nf3 Nxe4 5. Nc3 Nxc3 6. dxc3 Nc6 7. Be3 Be7 8. Qd2 Be6 9. Bd3 Ne5 10. Nxe5 dxe5 11. Rd1 c6 12. Qe2 Qc7 13. Bc4 Bxc4 14. Qxc4 0-0 15. 0-0 b5 16. Qb3 Rfd8 17. c4 Rxd1 18. Rxd1 Rd8 19. Rxd8+ Qxd8 20. h3 a6 21. cxb5 axb5 22. c4 Qa5 23. cxb5 Qxb5 24. Qxb5 cxb5 25. b3 Ba3 26. Kf1 f5 27. Ke2 Kf7 28. Kd3 Ke6 29. Kc3 f4 30. Bd2 Bc5 31. f3 Kd5 32. a4 bxa4 33. bxa4 g5 34. Kd3 h5 35. a5 g4 36. a6 Ba7 37. Ba5 e4+ 38. fxe4+ Kd6 39. Ke2 Ke5 40. Be1 f3+ 41. gxf3 gxh3 42. Bg3+ Ke6 43. f4 Kf6 44. Kf3 Kg6 1-0

[Event "BIH-chT 20th"]
[Site "Neum"]
[Date "2022.09.11"]
[Round "2.1"]
[White "Galic, Zeljko"]
[Black "Bandic, Adnan"]
[Result "1/2-1/2"]
[WhiteElo "2280"]
[BlackElo "2236"]
[PlyCount "54"]
[EventDate "2022.09.10"]
[EventType "team-tourn"]
[EventRounds "9"]
[EventCountry "BIH"]
[SourceTitle "CBM 210 Extra"]
[Source "ChessBase"]
[SourceDate "2022.11.30"]
[SourceVersion "1"]
[SourceVersionDate "2022.11.30"]
[SourceQuality "1"]
[WhiteTeam "Sarajevo Napredak"]
[BlackTeam "Pazaric Bjelasnica"]
[WhiteTeamCountry "BIH"]
[BlackTeamCountry "BIH"]

1. c4 e6 2. g3 d5 3. Nf3 Bc5 4. d4 Be7 5. Bg2 c6 6. b3 f5 7. 0-0 Nf6 8. Ba3 Bxa3 9. Nxa3 0-0 10. Nc2 Bd7 11. Nce1 Be8 12. Nd3 Nbd7 13. Qc1 Bh5 14. Nf4 Bxf3 15. exf3 Re8 16. Re1 Nf8 17. c5 Qc7 18. Qc3 Re7 19. Re2 Rae8 20. Rae1 N6d7 21. Nd3 Kf7 22. f4 h6 23. Qd2 Nh7 24. Re3 Nhf6 25. f3 g6 26. b4 Nh5 27. Qe2 Ng7 1/2-1/2

[Event "BIH-chT 18th"]
[Site "Tuzla"]
[Date "2019.06.14"]
[Round "7.4"]
[White "Bandic, Adnan"]
[Black "Maksimovic, Bojan"]
[Result "0-1"]
[WhiteElo "2233"]
[BlackElo "2295"]
[PlyCount "94"]
[EventDate "2019.06.08"]
[EventType "team-tourn"]
[EventRounds "9"]
[EventCountry "BIH"]
[SourceTitle "CBM 190 Extra"]
[Source "ChessBase"]
[SourceDate "2019.07.15"]
[SourceVersion "1"]
[SourceVersionDate "2019.07.15"]
[SourceQuality "1"]
[WhiteTeam "Pazaric Bjelasnica"]
[BlackTeam "Sarajevo Bosna"]
[WhiteTeamCountry "BIH"]
[BlackTeamCountry "BIH"]

1. d4 g6 2. e4 Bg7 3. c3 d6 4. Bc4 Nc6 5. Ne2 Nf6 6. f3 0-0 7. Bg5 h6 8. Bh4 e5 9. dxe5 Nxe5 10. Bb3 a5 11. Na3 b6 12. 0-0 Ba6 13. Bg3 Nh5 14. Bxe5 dxe5 15. Bc4 Bb7 16. Qxd8 Rfxd8 17. Rfd1 Bf8 18. g4 Nf6 19. Nc2 Be7 20. Ng3 Nd7 21. Kf1 Nc5 22. b3 c6 23. Ke1 b5 24. Bf1 Kf8 25. Rxd8+ Rxd8 26. Rd1 Rxd1+ 27. Kxd1 Ne6 28. Kc1 Bg5+ 29. Kb2 Be7 30. Ne2 Bc8 31. Nc1 Bd6 32. Nd3 Ke7 33. Kc1 Kf6 34. Kd2 Kg5 35. Ke3 h5 36. gxh5 Kxh5 37. Bh3 Kg5 38. b4 axb4 39. Ncxb4 c5 40. Nd5 c4 41. Nxe5 Bxe5 42. f4+ Kh4 43. Bxe6 fxe6 44. Ne7 Bxc3 45. Nxc8 Bb4 46. Kd4 Bc5+ 47. Kxc5 c3 0-1

[Event "BIH-chT 16th"]
[Site "Sarajevo"]
[Date "2017.08.30"]
[Round "8.3"]
[White "Bandic, Adnan"]
[Black "Bojo, Leon"]
[Result "1/2-1/2"]
[WhiteElo "2218"]
[BlackElo "1835"]
[PlyCount "72"]
[EventDate "2017.08.24"]
[EventType "team-tourn"]
[EventRounds "9"]
[EventCountry "BIH"]
[SourceTitle "CBM 180 Extra"]
[Source "ChessBase"]
[SourceDate "2017.10.06"]
[SourceVersion "1"]
[SourceVersionDate "2017.10.06"]
[SourceQuality "1"]
[WhiteTeam "Pazaric Bjelasnica"]
[BlackTeam "Kiseljak"]
[WhiteTeamCountry "BIH"]
[BlackTeamCountry "BIH"]

1. e4 c6 2. d4 d5 3. exd5 cxd5 4. Bd3 Nc6 5. c3 Nf6 6. Ne2 Bg4 7. 0-0 e6 8. Bf4 Bd6 9. Bxd6 Qxd6 10. h3 Bh5 11. f4 0-0 12. Nd2 Rac8 13. Rf2 Na5 14. Qa4 Bxe2 15. Bxe2 Qb6 16. Qb5 Qxb5 17. Bxb5 a6 18. Bd3 b5 19. Nb3 Nc4 20. a4 Nd7 21. axb5 axb5 22. Ra7 Rfd8 23. Re2 g6 24. g4 Ra8 25. Rb7 Rab8 26. Rxb8 Rxb8 27. Nc5 Nf8 28. f5 exf5 29. gxf5 b4 30. cxb4 Rxb4 31. Re8 Nd6 32. Rd8 Nb7 33. Rc8 Nxc5 34. dxc5 Rb3 35. Ba6 gxf5 36. c6 Rxb2 1/2-1/2

[Event "Sarajevo Bosna op 46th"]
[Site "Sarajevo"]
[Date "2016.05.31"]
[Round "5"]
[White "Bandic, Adnan"]
[Black "Nikcevic, Nebojsa"]
[Result "0-1"]
[WhiteElo "2218"]
[BlackElo "2416"]
[PlyCount "74"]
[EventDate "2016.05.28"]
[EventType "swiss"]
[EventRounds "9"]
[EventCountry "BIH"]
[SourceTitle "CBM 172 Extra"]
[Source "ChessBase"]
[SourceDate "2016.06.21"]
[SourceVersion "1"]
[SourceVersionDate "2016.06.21"]
[SourceQuality "1"]

1. e4 c5 2. Nf3 Nc6 3. d4 cxd4 4. Nxd4 e5 5. Nb5 d6 6. c4 Be7 7. N1c3 a6 8. Na3 Be6 9. Nd5 Bxd5 10. cxd5 Nd4 11. Bd3 Bg5 12. f4 Bh4+ 13. g3 Bf6 14. 0-0 Ne7 15. fxe5 Bxe5 16. Nc4 Ng6 17. Nxe5 dxe5 18. Qa4+ b5 19. Qa3 h5 20. Be3 h4 21. g4 h3 22. Rf2 Rh4 23. g5 Nf4 24. Kh1 Qxg5 25. Bxd4 Nxd3 26. Qxd3 exd4 27. Qxd4 Rc8 28. Qd3 Rc1+ 29. Rxc1 Qxc1+ 30. Rf1 Qxb2 31. Rg1 Qe5 32. Re1 f5 33. Qf3 Rxe4 34. Qh5+ Kf8 35. Qh8+ Kf7 36. Rg1 Rg4 37. Qh5+ Kg8 0-1

[Event "BIH-chT 12th"]
[Site "Sarajevo"]
[Date "2013.06.21"]
[Round "7.3"]
[White "Bandic, Adnan"]
[Black "Galic, Zeljko"]
[Result "1/2-1/2"]
[WhiteElo "2243"]
[BlackElo "2300"]
[PlyCount "47"]
[EventDate "2013.06.15"]
[EventType "team-tourn"]
[EventRounds "9"]
[EventCountry "BIH"]
[SourceTitle "CBM 155 Extra"]
[Source "ChessBase"]
[SourceDate "2013.08.26"]
[SourceVersion "1"]
[SourceVersionDate "2013.08.26"]
[SourceQuality "1"]
[WhiteTeam "Sarajevo Alpong"]
[BlackTeam "Sarajevo Napredak"]
[WhiteTeamCountry "BIH"]
[BlackTeamCountry "BIH"]

1. e4 c5 2. d4 cxd4 3. c3 dxc3 4. Nxc3 Nc6 5. Bc4 e6 6. Nf3 d6 7. 0-0 Nf6 8. Qe2 Be7 9. Rd1 e5 10. Bg5 0-0 11. h3 Be6 12. Rac1 Rc8 13. Nb5 Bxc4 14. Rxc4 a6 15. Bxf6 axb5 16. Bxe7 Qxe7 17. Rc2 b4 18. Rcd2 Rfd8 19. Qb5 Ra8 20. b3 Ra5 21. Qb6 Ra6 22. Qb5 Ra5 23. Qb6 Ra6 24. Qb5 1/2-1/2

[Event "BIH-chT 12th"]
[Site "Sarajevo"]
[Date "2013.06.19"]
[Round "5.4"]
[White "Bandic, Adnan"]
[Black "Colpa, Husein"]
[Result "1-0"]
[WhiteElo "2243"]
[BlackElo "1952"]
[PlyCount "89"]
[EventDate "2013.06.15"]
[EventType "team-tourn"]
[EventRounds "9"]
[EventCountry "BIH"]
[SourceTitle "CBM 155 Extra"]
[Source "ChessBase"]
[SourceDate "2013.08.26"]
[SourceVersion "1"]
[SourceVersionDate "2013.08.26"]
[SourceQuality "1"]
[WhiteTeam "Sarajevo Alpong"]
[BlackTeam "Sarajevo Zeljeznicar"]
[WhiteTeamCountry "BIH"]
[BlackTeamCountry "BIH"]

1. e4 c5 2. Nf3 Nc6 3. c3 Nf6 4. e5 Nd5 5. d4 cxd4 6. Bc4 Nb6 7. Bb3 e6 8. cxd4 d5 9. 0-0 Be7 10. Nc3 Bd7 11. Bf4 Na5 12. Bc2 Rc8 13. Bd3 a6 14. Qc2 Bb5 15. Bxb5+ axb5 16. Qe2 b4 17. Qb5+ Nd7 18. Na4 0-0 19. Rfc1 Rc6 20. b3 Qc7 21. Qd3 Rc8 22. Rxc6 Nxc6 23. g3 Na7 24. Rc1 Qd8 25. Qb1 Nb5 26. Bd2 Na3 27. Qd3 h6 28. Ne1 b5 29. Rxc8 Qxc8 30. Nb2 Nb6 31. Nd1 h5 32. Ne3 g6 33. h3 Qc6 34. g4 hxg4 35. Nxg4 Qe8 36. h4 Nd7 37. Kf1 Kg7 38. Bh6+ Kh7 39. Bg5 Kg7 40. Qe3 Nb1 41. Nf3 Nc3 42. Bxe7 Qxe7 43. Qh6+ Kg8 44. Ng5 f5 45. exf6 1-0

[Event "BIH-chT 12th"]
[Site "Sarajevo"]
[Date "2013.06.15"]
[Round "1.5"]
[White "Jefic, Srdjan"]
[Black "Bandic, Adnan"]
[Result "1-0"]
[WhiteElo "2166"]
[BlackElo "2243"]
[PlyCount "71"]
[EventDate "2013.06.15"]
[EventType "team-tourn"]
[EventRounds "9"]
[EventCountry "BIH"]
[SourceTitle "CBM 155 Extra"]
[Source "ChessBase"]
[SourceDate "2013.08.26"]
[SourceVersion "1"]
[SourceVersionDate "2013.08.26"]
[SourceQuality "1"]
[WhiteTeam "Zvornik Drina"]
[BlackTeam "Sarajevo Alpong"]
[WhiteTeamCountry "BIH"]
[BlackTeamCountry "BIH"]

1. e4 e5 2. Nf3 Nf6 3. d4 Nxe4 4. Bd3 d5 5. Nxe5 Nd7 6. Nxd7 Bxd7 7. 0-0 Be7 8. c4 Nf6 9. Nc3 dxc4 10. Bxc4 0-0 11. Bf4 Bg4 12. Qd3 Qd7 13. Rfe1 Rae8 14. Be5 Bd8 15. h3 Bh5 16. f4 c6 17. f5 g6 18. g4 b5 19. Nxb5 Bxg4 20. hxg4 Nxg4 21. Nd6 Bb6 22. Kg2 Re7 23. fxg6 Nxe5 24. gxh7+ Kh8 25. dxe5 f5 26. e6 Rg7+ 27. Kf3 Rg3+ 28. Kxg3 Qg7+ 29. Kh2 Rf6 30. Nf7+ Rxf7 31. exf7 Bc7+ 32. Kh1 Qh6+ 33. Kg2 Qg5+ 34. Kf1 Qf4+ 35. Ke2 Qg4+ 36. Kd2 1-0

[Event "Sarajevo Bosna op 41st"]
[Site "Sarajevo"]
[Date "2011.05.12"]
[Round "9"]
[White "Stojanovic, Dalibor"]
[Black "Bandic, Adnan"]
[Result "0-1"]
[WhiteElo "2503"]
[BlackElo "2210"]
[PlyCount "138"]
[EventDate "2011.05.03"]
[EventType "swiss"]
[EventRounds "9"]
[EventCountry "BIH"]
[SourceTitle "CBM 142 Extra"]
[Source "ChessBase"]
[SourceDate "2011.06.27"]
[SourceVersion "1"]
[SourceVersionDate "2011.06.27"]
[SourceQuality "1"]

1. e4 e5 2. d4 exd4 3. Qxd4 Nc6 4. Qe3 Bb4+ 5. Nc3 d6 6. Bd2 Nge7 7. 0-0-0 Be6 8. f4 f6 9. Qg3 Rg8 10. a3 Ba5 11. Qh4 Qd7 12. Qxh7 0-0-0 13. Nf3 a6 14. Qh4 b5 15. Nd5 Nxd5 16. exd5 Bxd5 17. Bxa5 Bxf3 18. gxf3 Nxa5 19. Qe1 Nb7 20. a4 c6 21. axb5 axb5 22. Qc3 Kb8 23. Bd3 d5 24. Bg6 Qd6 25. f5 Rh8 26. h4 d4 27. Qd2 Qd5 28. Qf4+ Rd6 29. Kb1 Kc7 30. Rhe1 Ra8 31. Re7+ Kb6 32. Bf7 Qc5 33. Bb3 Qb4 34. Rxg7 Na5 35. Qd2 Nxb3 36. cxb3 Qxb3 37. Qd3 Qa2+ 38. Kc2 Re8 39. Qa3 Re2+ 40. Kc1 Qxa3 41. bxa3 Rh2 42. Rg4 c5 43. Rd2 Rh1+ 44. Kc2 Rd5 45. Rf4 Ka5 46. Kb2 Ka4 47. Ka2 b4 48. axb4 Kxb4 49. Kb2 c4 50. Rfxd4 Rxd4 51. Rxd4 Rh2+ 52. Ka1 Kb3 53. Rd1 c3 54. Rb1+ Kc2 55. Rb6 Rxh4 56. Ra6 Rf4 57. Ra2+ Kb3 58. Ra6 Ra4+ 59. Rxa4 Kxa4 60. Kb1 Kb4 61. Kc1 Kc4 62. Kc2 Kd4 63. f4 Ke4 64. Kxc3 Kxf5 65. Kd3 Kxf4 66. Ke2 Kg3 67. Kf1 f5 68. Ke2 f4 69. Kf1 Kf3 0-1

[Event "Sarajevo Bosna op 41st"]
[Site "Sarajevo"]
[Date "2011.05.11"]
[Round "8"]
[White "Bandic, Adnan"]
[Black "Rapport, Richard"]
[Result "0-1"]
[WhiteElo "2210"]
[BlackElo "2552"]
[PlyCount "68"]
[EventDate "2011.05.03"]
[EventType "swiss"]
[EventRounds "9"]
[EventCountry "BIH"]
[SourceTitle "CBM 142 Extra"]
[Source "ChessBase"]
[SourceDate "2011.06.27"]
[SourceVersion "1"]
[SourceVersionDate "2011.06.27"]
[SourceQuality "1"]

1. e4 c5 2. Nf3 Nc6 3. d4 cxd4 4. Nxd4 e5 5. Nxc6 bxc6 6. c4 Bc5 7. Qf3 Nf6 8. Nd2 0-0 9. Bd3 a5 10. 0-0 a4 11. Rd1 d6 12. h3 Ne8 13. g4 h5 14. Nf1 hxg4 15. hxg4 Qh4 16. Be2 Nf6 17. Nh2 d5 18. cxd5 cxd5 19. exd5 e4 20. Qg2 Bd6 21. Be3 Rb8 22. Rab1 Re8 23. b3 Bd7 24. Rd2 Rb4 25. Bd1 Rb5 26. Be2 Rxd5 27. Rbd1 Rxd2 28. Rxd2 Bb8 29. g5 Bh3 30. Qh1 Nh5 31. Bf1 Ng3 32. Nf3 Ne2+ 33. Rxe2 Qg4+ 34. Bg2 exf3 0-1

[Event "BIH-chT2"]
[Site "Tuzla"]
[Date "2010.07.20"]
[Round "4"]
[White "Bandic, Adnan"]
[Black "Brkic, Mustafa"]
[Result "1/2-1/2"]
[WhiteElo "2190"]
[BlackElo "2083"]
[PlyCount "116"]
[EventDate "2010.07.18"]
[EventType "team-swiss"]
[EventRounds "9"]
[EventCountry "BIH"]
[SourceTitle "CBM 137 Extra"]
[Source "ChessBase"]
[SourceDate "2010.09.01"]
[SourceVersion "1"]
[SourceVersionDate "2010.09.01"]
[SourceQuality "1"]

1. e4 c5 2. Nf3 e6 3. d4 cxd4 4. Nxd4 Nf6 5. Nc3 Bb4 6. Bd3 d6 7. 0-0 0-0 8. Nce2 e5 9. Nf3 Bg4 10. Ng3 Nc6 11. c3 Bc5 12. h3 Be6 13. Qe2 Qd7 14. Ng5 h6 15. Nxe6 fxe6 16. Kh2 Ne7 17. f4 exf4 18. Bxf4 Ng6 19. Be3 Bxe3 20. Qxe3 Ne5 21. Be2 Qc7 22. Rad1 d5 23. Kg1 dxe4 24. Nxe4 Nd5 25. Qc5 Qxc5+ 26. Nxc5 Rfc8 27. Nxe6 Ne3 28. Rfe1 Nxd1 29. Bxd1 Nd3 30. Re3 Nxb2 31. Bb3 Nc4 32. Rg3 g5 33. h4 Kf7 34. Nd4 Kf6 35. hxg5+ hxg5 36. Rf3+ Ke7 37. Nf5+ Kd7 38. Rd3+ Ke6 39. Nd6 b5 40. Nxb5 Ke5 41. Rg3 a6 42. Nd4 Nd2 43. Rxg5+ Kf6 44. Rf5+ Kg7 45. Ne6+ Kg6 46. Bc2 Rxc3 47. Rc5+ Rxc2 48. Rxc2 Ne4 49. Rc6 Kf5 50. Nc5 Nc3 51. a3 a5 52. Nd3 Ne2+ 53. Kf2 Nd4 54. Rc7 Ke4 55. Nb2 Rf8+ 56. Ke1 Rg8 57. Re7+ Kd5 58. Kf2 Rf8+ 1/2-1/2

[Event "Sarajevo Bosna op 40th"]
[Site "Sarajevo"]
[Date "2010.05.09"]
[Round "5"]
[White "Bandic, Adnan"]
[Black "Huschenbeth, Niclas"]
[Result "0-1"]
[WhiteElo "2164"]
[BlackElo "2457"]
[PlyCount "80"]
[EventDate "2010.05.05"]
[EventType "swiss"]
[EventRounds "9"]
[EventCountry "BIH"]
[SourceTitle "CBM 136 Extra"]
[Source "ChessBase"]
[SourceDate "2010.07.02"]
[SourceVersion "2"]
[SourceVersionDate "2010.07.15"]
[SourceQuality "1"]

1. e4 c5 2. Nf3 d6 3. d4 cxd4 4. Nxd4 Nf6 5. Nc3 Nc6 6. Bg5 e6 7. Qd2 Be7 8. 0-0-0 Nxd4 9. Qxd4 a6 10. f4 b5 11. e5 dxe5 12. Qxd8+ Bxd8 13. fxe5 Nd7 14. Bxd8 Kxd8 15. Be2 Bb7 16. Bf3 Bxf3 17. gxf3 Ke7 18. f4 h6 19. Rhf1 g5 20. f5 Nxe5 21. fxe6 fxe6 22. Rde1 Nc4 23. Rf2 Rad8 24. Ne4 Rd5 25. Nf6 Re5 26. Rd1 Rf5 27. Rxf5 exf5 28. Nd5+ Kf7 29. Nc7 f4 30. b3 Ne3 31. Rd7+ Kg6 32. Rd6+ Kf5 33. h3 f3 34. Nxa6 h5 35. Rd2 g4 36. Rf2 Rc8 37. Nb4 Ke4 38. hxg4 hxg4 39. Rh2 g3 40. Rh4+ Kf5 0-1

[Event "Sarajevo Bosna op 40th"]
[Site "Sarajevo"]
[Date "2010.05.05"]
[Round "1"]
[White "Bandic, Adnan"]
[Black "Sengupta, Deep"]
[Result "0-1"]
[WhiteElo "2164"]
[BlackElo "2508"]
[PlyCount "104"]
[EventDate "2010.05.05"]
[EventType "swiss"]
[EventRounds "9"]
[EventCountry "BIH"]
[SourceTitle "CBM 136 Extra"]
[Source "ChessBase"]
[SourceDate "2010.07.02"]
[SourceVersion "2"]
[SourceVersionDate "2010.07.15"]
[SourceQuality "1"]

1. e4 e6 2. d4 d5 3. exd5 exd5 4. Bd3 Nc6 5. c3 Bd6 6. Ne2 Nge7 7. Bf4 Bg4 8. f3 Bf5 9. 0-0 Qd7 10. Bxd6 Qxd6 11. Ng3 Bxd3 12. Qxd3 h5 13. Re1 g6 14. Na3 0-0-0 15. Re2 Kb8 16. Rae1 h4 17. Nf1 g5 18. b4 Ng6 19. Qf5 Nf4 20. Re3 h3 21. gxh3 Nxh3+ 22. Kh1 a5 23. Nc2 axb4 24. cxb4 Nxb4 25. Rb3 Nc6 26. Reb1 b6 27. Rb5 Na7 28. R5b3 Qf4 29. Nce3 Nc6 30. Qc2 Qxf3+ 31. Ng2 Qf2 32. Nfe3 Qxc2 33. Nxc2 Nf2+ 34. Kg1 Ne4 35. Rd3 f5 36. Rc1 Rh6 37. Nce3 Ne7 38. Rf1 Rdh8 39. h4 gxh4 40. Nf4 h3 41. Kh2 Nf6 42. Rg1 Rh4 43. Rf1 Kb7 44. a4 Ra8 45. Ra3 Ra5 46. Kg3 Rh8 47. Nxh3 Ne4+ 48. Kg2 Raa8 49. Nxf5 Rag8+ 50. Kh2 Nxf5 51. Rxf5 Rg5 52. Rf7 Rgh5 0-1

[Event "Dubrovnik op"]
[Site "Dubrovnik"]
[Date "2008.04.24"]
[Round "3"]
[White "Nikolov, Sasho"]
[Black "Bandic, Adnan"]
[Result "1-0"]
[WhiteElo "2407"]
[BlackElo "2124"]
[PlyCount "91"]
[EventDate "2008.04.24"]
[EventType "swiss"]
[EventRounds "7"]
[EventCountry "CRO"]
[SourceTitle "CBM 124 Extra"]
[Source "ChessBase"]
[SourceDate "2008.07.03"]
[SourceVersion "1"]
[SourceVersionDate "2008.07.03"]
[SourceQuality "1"]

1. d4 f5 2. Nc3 Nf6 3. Bg5 e6 4. e4 fxe4 5. Nxe4 Be7 6. Bxf6 Bxf6 7. Nf3 b6 8. Qd2 Bb7 9. Bd3 Nc6 10. c3 Qe7 11. 0-0 0-0 12. Rae1 Nd8 13. Re3 c5 14. Rfe1 Rc8 15. Nxf6+ Rxf6 16. Ne5 cxd4 17. Rh3 Rh6 18. Rxh6 gxh6 19. Qxh6 Qg7 20. Qxg7+ Kxg7 21. cxd4 d6 22. Nc4 Nf7 23. Kf1 Ba6 24. b3 d5 25. Ne5 Bxd3+ 26. Nxd3 Rc3 27. Nf4 Nd8 28. Nxe6+ Nxe6 29. Rxe6 Rc1+ 30. Re1 Rc2 31. Re7+ Kg6 32. Rxa7 Rd2 33. Ra6 Kf5 34. a4 Ke4 35. Rxb6 Kxd4 36. g4 Ke4 37. Kg2 Ra2 38. Rh6 Ra3 39. Rxh7 Rxb3 40. g5 d4 41. h4 Rb6 42. Re7+ Kf4 43. Rd7 Ke4 44. h5 Ra6 45. g6 Ra5 46. g7 1-0

[Event "Belgrade Jezero op 10th"]
[Site "Belgrade"]
[Date "2004.08.23"]
[Round "7"]
[White "Bandic, Adnan"]
[Black "Momirovic, Milan"]
[Result "1-0"]
[WhiteElo "2116"]
[BlackElo "2021"]
[PlyCount "117"]
[EventDate "2004.08.17"]
[EventType "swiss"]
[EventRounds "9"]
[EventCountry "YUG"]
[SourceTitle "EXT 2005"]
[Source "ChessBase"]
[SourceDate "2004.11.15"]
[SourceVersion "1"]
[SourceVersionDate "2004.11.15"]
[SourceQuality "1"]

1. e4 d6 2. d4 Nf6 3. Nc3 g6 4. Bg5 Nbd7 5. f4 h6 6. Bh4 c6 7. e5 Nh5 8. exd6 Nxf4 9. Qf3 g5 10. Bg3 Ng6 11. Bc4 Nf6 12. Nge2 exd6 13. 0-0 d5 14. Nxd5 cxd5 15. Bb5+ Bd7 16. Bxd7+ Kxd7 17. Qxf6 Qxf6 18. Rxf6 Rh7 19. Raf1 Ke8 20. Nc3 Bg7 21. Nxd5 Rc8 22. c3 Nf4 23. Bxf4 gxf4 24. R6xf4 Bh8 25. g3 Rc6 26. Re1+ Kf8 27. Rfe4 Re6 28. Rxe6 fxe6 29. Rxe6 h5 30. Kg2 h4 31. g4 Bg7 32. h3 Bh6 33. Kf3 Bc1 34. b3 Rf7+ 35. Rf6 Bb2 36. Rxf7+ Kxf7 37. Ke4 Ke6 38. c4 Bc1 39. Ne3 Bd2 40. d5+ Kf6 41. Nf5 Be1 42. Nd6 b6 43. Nc8 a5 44. Nxb6 Bb4 45. Nd7+ Ke7 46. Ne5 Be1 47. Nf3 Bf2 48. g5 Kf7 49. Kf5 Kg7 50. a3 Bc5 51. b4 axb4 52. axb4 Bxb4 53. Nxh4 Bf8 54. Nf3 Bb4 55. h4 Ba3 56. h5 Bb4 57. Ne5 Ba3 58. h6+ Kh7 59. Ng4 1-0

[Event "Belgrade Jezero op 10th"]
[Site "Belgrade"]
[Date "2004.08.22"]
[Round "6"]
[White "Brujic, Bozidar"]
[Black "Bandic, Adnan"]
[Result "1-0"]
[WhiteElo "2200"]
[BlackElo "2116"]
[PlyCount "73"]
[EventDate "2004.08.17"]
[EventType "swiss"]
[EventRounds "9"]
[EventCountry "YUG"]
[SourceTitle "EXT 2005"]
[Source "ChessBase"]
[SourceDate "2004.11.15"]
[SourceVersion "1"]
[SourceVersionDate "2004.11.15"]
[SourceQuality "1"]

1. d4 f5 2. g3 Nf6 3. Bg2 g6 4. Nc3 Bg7 5. e4 fxe4 6. Nxe4 0-0 7. c3 Nxe4 8. Bxe4 d5 9. Bg2 c6 10. f4 Nd7 11. Nh3 Qb6 12. Qe2 Nf6 13. Nf2 Bf5 14. g4 Bd7 15. Bf3 Rae8 16. 0-0 h6 17. Qc2 Kh7 18. h4 c5 19. h5 cxd4 20. Qxg6+ Kh8 21. g5 Ne4 22. Nxe4 Qxg6 23. hxg6 dxe4 24. Bxe4 hxg5 25. f5 dxc3 26. bxc3 Bxc3 27. Rb1 b6 28. Bxg5 Kg7 29. Kg2 Bf6 30. Bf4 Rc8 31. Rh1 Rh8 32. Kg3 Rc3+ 33. Kg4 e6 34. Rxh8 exf5+ 35. Bxf5 Bxf5+ 36. Kxf5 Rc5+ 37. Ke6 1-0

[Event "Belgrade Jezero op 10th"]
[Site "Belgrade"]
[Date "2004.08.21"]
[Round "5"]
[White "Bandic, Adnan"]
[Black "Zmijanac, Dusko"]
[Result "0-1"]
[WhiteElo "2116"]
[BlackElo "2236"]
[PlyCount "102"]
[EventDate "2004.08.17"]
[EventType "swiss"]
[EventRounds "9"]
[EventCountry "YUG"]
[SourceTitle "EXT 2005"]
[Source "ChessBase"]
[SourceDate "2004.11.15"]
[SourceVersion "1"]
[SourceVersionDate "2004.11.15"]
[SourceQuality "1"]

1. e4 c5 2. Nf3 e6 3. d4 cxd4 4. Nxd4 Nc6 5. Be3 Qc7 6. Nc3 a6 7. Qd2 Nf6 8. Be2 Bb4 9. f3 d5 10. Nxc6 bxc6 11. a3 Bd6 12. g3 0-0 13. 0-0 h6 14. Rf2 Rd8 15. Rd1 Bf8 16. Qc1 e5 17. Na4 d4 18. Bd2 Be6 19. Bd3 Ne8 20. b3 f6 21. f4 c5 22. Nb2 Nd6 23. fxe5 fxe5 24. a4 c4 25. bxc4 Nxc4 26. Nxc4 Bxc4 27. Rdf1 Qc6 28. Qd1 Be6 29. Qh5 Qd6 30. Qg6 Kh8 31. g4 Bg8 32. Qh5 Bh7 33. Qf7 Bg6 34. Bb4 Qc6 35. Qb3 Bxb4 36. Qxb4 Bxe4 37. Qe7 Re8 38. Qh4 Qg6 39. Qg3 Bxd3 40. cxd3 e4 41. dxe4 Rxe4 42. h3 Re3 43. Rf3 Rae8 44. Qf4 Qd3 45. g5 Qg6 46. Qxd4 Qxg5+ 47. Kh1 Kh7 48. Qd1 Qg6 49. Qd5 R8e5 50. Qb7 Re1 51. Rf4 Qd6 0-1